Federal Criminal Code and Rules / (Record no. 6571)
[ view plain ]
| 000 -LEADER | |
|---|---|
| fixed length control field | 00518nam a22001817a 4500 |
| 003 - CONTROL NUMBER IDENTIFIER | |
| control field | OSt |
| 005 - DATE AND TIME OF LATEST TRANSACTION | |
| control field | 20250618160805.0 |
| 008 - FIXED-LENGTH DATA ELEMENTS--GENERAL INFORMATION | |
| fixed length control field | 250618b |||||||| |||| 00| 0 eng d |
| 040 ## - CATALOGING SOURCE | |
| Transcribing agency | Minn : |
| 050 ## - LIBRARY OF CONGRESS CALL NUMBER | |
| Classification number | KF9606 |
| Item number | .99.F36 1988 |
| 245 ## - TITLE STATEMENT | |
| Title | Federal Criminal Code and Rules / |
| Remainder of title | Federal Sentncing Guideline Manuel |
| 260 ## - PUBLICATION, DISTRIBUTION, ETC. | |
| Place of publication, distribution, etc. | Minn ; |
| Name of publisher, distributor, etc. | Westing Publishing Company ; |
| Date of publication, distribution, etc. | c1988 |
| 300 ## - PHYSICAL DESCRIPTION | |
| Extent | xxxvii, 1102 pp |
| 490 ## - SERIES STATEMENT | |
| Materials specified | Criminal Law |
| 500 ## - GENERAL NOTE | |
| General note | Includes Consolidated Index |
| 600 ## - SUBJECT ADDED ENTRY--PERSONAL NAME | |
| Source of heading or term | Criminal Law |
| 942 ## - ADDED ENTRY ELEMENTS (KOHA) | |
| Source of classification or shelving scheme | Library of Congress Classification |
| Koha item type | Books |
| Suppress in OPAC | No |
| Withdrawn status | Lost status | Source of classification or shelving scheme | Damaged status | Not for loan | Collection | Home library | Current library | Shelving location | Date acquired | Total checkouts | Full call number | Barcode | Date last seen | Copy number | Price effective from | Koha item type |
|---|---|---|---|---|---|---|---|---|---|---|---|---|---|---|---|---|
| Library of Congress Classification | Non-fiction | Law Library (Christ Temple) | Law Library (Christ Temple) | General stacks | 06/18/2025 | KF9606.99.F36 FER | LLCT00000720 | 06/18/2025 | 1 | 06/18/2025 | Books |